Score 0/18 Timer 05:00
1 Play Today
The foreshadowing... Movie % Correct
Norman Bates says his mother is 'as harmless as one of those stuffed birds'Psycho
91.1%
When Luke Skywalker defeats an illusion of Darth Vader, he sees his own face behind Vader's maskStar Wars: Episode V- The Empire Strikes Back
90%
While beating himself up, the narrator says he 'thought of his first fight... with Tyler [Durden]'Fight Club
88.6%
Someone refers to Neo as 'Jesus Christ'The Matrix
88.5%
Harvey Dent states, 'You either die a hero, or live long enough to see yourself become the villain'The Dark Knight
83.7%
Tony Stark spots a worker playing a game called Galaga, in which you have to defend Earth from a stream of incoming aliensThe Avengers
80.1%
The warden hands back Andy Dufresne's Bible, telling Andy, 'Salvation lies within'The Shawshank Redemption
79.5%
King Louie says that the difference between humans and animals is the ability to use fire The Jungle Book
79.4%
Harry Osborn says he would die for Peter Parker and Mary Jane WatsonSpider-Man 3
77.9%
The foreshadowing... Movie % Correct
Dr. Crowe's wife doesn't acknowledge his presence at an anniversary dinnerThe Sixth Sense
74%
After drinking for the first time in 5 months, Jack Torrance grimaces and rolls his eyes upThe Shining
67.6%
When asked, Mr. Orange immediately points out that Mr. Pink didn't tip Reservoir Dogs
67%
A boy asks where his brother is after seeing a magic trick in which a bird is crushedThe Prestige
53.6%
Dr. Grant ties two non-complementary seatbelt straps togetherJurassic Park
52.7%
In the opening credits, Judi Dench's name appears in a graveyard backgroundSkyfall
52.1%
Caesar helping Charles Rodman use his cutlery Rise of the Planet of the Apes
42.3%
Alex Forrest tells Dan Gallagher, 'Bring the dog, I love animals... I'm a great cook'Fatal Attraction
38.5%
After her daughter starts breathing heavily, Grace Stewart yells, 'Stop breathing!'The Others
16.2%

You're not logged in!

Compare scores with friends on all Sporcle quizzes.
OR
Log In

Sporcle TV

Today on Sporcle TV


Watch our educational content, quiz creation guides, and fun videos on Sporcle TV.

Show Comments

Extras

Top Quizzes Today


Score Distribution

Paid Content

Your Account Isn't Verified!

In order to create a playlist on Sporcle, you need to verify the email address you used during registration. Go to your Sporcle Settings to finish the process.

Report this User

Report this user for behavior that violates our Community Guidelines.

Details: